Flag of the smallest countries in the world - Statistics

General Stats
  • This quiz has been taken 47 times
  • The average score is 13 of 16
Answer Stats
Picture Answer % Correct
Vatican City
95%
Barbados
87%
Monaco
87%
San Marino
87%
Nauru
84%
Antigua and Barbuda
82%
Liechtenstein
82%
Marshall Islands
82%
Palau
82%
Grenada
79%
Maldives
79%
Malta
79%
Seychelles
79%
Tuvalu
79%
Saint Kitts and Nevis
74%
Saint Vincent and the Grenadines
74%
No matching quizzes found
Score Distribution
Percent of People with Each Score
Percentile by Number Answered
Your Score History
You have not taken this quiz